Boleh atau tidak? : mempertimbangkan diri sendiri di sekolah

Bibliographic Details
Main Author: Ahmad Marzuki Ismail
Format: Book
Published: Selangor : Karisma Productions , 2008
Subjects:

MARC

LEADER 00000cam a2200000 7i4500
001 0000030642
005 20110216.0
008 110216
020 |a 9831953174 
090 0 0 |a 370.154   |b AHM 
100 1 |a Ahmad Marzuki Ismail 
245 1 0 |a Boleh atau tidak? :   |b mempertimbangkan diri sendiri di sekolah   |c Ahmad Marzuki Ismail 
260 |a Selangor :   |b Karisma Productions ,   |c 2008 
650 0 |a Learning, psychology of 
650 0 |a Motivation (psychology) 
999 |a 0001055658   |b Book   |c Adult Collection   |e Perbadanan Perpustakaan Awam Johor 
999 |a 0001055661   |b Book   |c Adult Collection   |e Cawangan Taman Sri Lambak 
999 |a 0001136891   |b Book   |c Adult Collection   |e Perbadanan Perpustakaan Awam Johor